[Event "Zlota Wieza op 49th"]
[Site "Gniezno"]
[Date "2007.05.26"]
[Round "9"]
[White "Fidor, Mariusz"]
[Black "Lis, Marek"]
[Result "0-1"]
[WhiteElo "1400"]
[BlackElo "1968"]
[PlyCount "54"]
[EventDate "2007.05.20"]
[EventType "swiss"]
[EventRounds "9"]
[EventCountry "POL"]
[SourceTitle "EXT 2011"]
[Source "ChessBase"]
[SourceDate "2010.11.26"]
[SourceVersion "1"]
[SourceVersionDate "2010.11.26"]
[SourceQuality "1"]

1. c4 e5 2. Nc3 f5 3. d3 Nf6 4. Bg5 c6 5. e4 d6 6. Nf3 h6 7. Bxf6 Qxf6 8. d4 f4 9. d5 c5 10. Nb5 Na6 11. h3 Be7 12. g3 fxg3 13. fxg3 Qg6 14. g4 Qxe4+ 15. Qe2 Qxe2+ 16. Bxe2 0-0 17. 0-0-0 Bd7 18. Nc3 Rf4 19. Rhf1 Raf8 20. Nd2 Bg5 21. Nce4 Rxe4 22. Rxf8+ Kxf8 23. Rf1+ Rf4 24. Rxf4+ Bxf4 25. Kc2 Nb4+ 26. Kd1 Bxd2 27. Kxd2 Nxa2 0-1

[Event "Zlota Wieza op 49th"]
[Site "Gniezno"]
[Date "2007.05.24"]
[Round "7"]
[White "Fidor, Mariusz"]
[Black "Siekaniec, Jan"]
[Result "0-1"]
[WhiteElo "1400"]
[BlackElo "2196"]
[PlyCount "70"]
[EventDate "2007.05.20"]
[EventType "swiss"]
[EventRounds "9"]
[EventCountry "POL"]
[SourceTitle "EXT 2011"]
[Source "ChessBase"]
[SourceDate "2010.11.26"]
[SourceVersion "1"]
[SourceVersionDate "2010.11.26"]
[SourceQuality "1"]

1. c4 Nf6 2. Nc3 g6 3. g3 Bg7 4. Bg2 0-0 5. e4 d6 6. Nge2 e5 7. 0-0 c6 8. d3 Na6 9. a3 Be6 10. f4 exf4 11. Bxf4 Ng4 12. Qb3 Nc5 13. Qc2 g5 14. Bd2 Qb6 15. Kh1 Nb3 16. Na4 Nxa1 17. Nxb6 Nxc2 18. Nxa8 Rxa8 19. h3 Nge3 20. Rc1 Bxb2 21. Bxe3 Nxe3 22. Rb1 Bxa3 23. Rxb7 Nxg2 24. Kxg2 c5 25. Nc3 a6 26. Na4 Bc8 27. Rc7 Rb8 28. Nc3 Rb2+ 29. Kf3 Bxh3 30. Nd5 Rd2 31. Nf6+ Kg7 32. Ne8+ Kg6 33. Ra7 Bc1 34. e5 g4+ 35. Ke3 Ra2+ 0-1